[Event "Scarborough CC Howard Ridout Swiss U1700"]
[Site "Toronto CAN"]
[Date "2007.10.18"]
[Round "6"]
[White "Xiao, Sai"]
[Black "Ben Avraham, Mark"]
[Result "1-0"]
[WhiteElo "906"]
[BlackElo "1499"]
[PlyCount "91"]
[GameId "2160767910579213"]
[EventDate "2007.09.13"]
[EventType "swiss"]
[EventRounds "7"]
[EventCountry "CAN"]
[SourceTitle "EXT 2022"]
[Source "ChessBase"]
[SourceDate "2021.10.06"]
[SourceVersion "1"]
[SourceVersionDate "2021.10.06"]
[SourceQuality "1"]

1. e4 e5 2. Nf3 Nc6 3. Nc3 Bc5 4. g3 Nf6 5. d3 d5 6. Bg5 Be6 7. Qe2 Nd4 8. Nxd4 Bxd4 9. Bg2 Qd7 10. Bxf6 Bxc3+ 11. bxc3 gxf6 12. O-O h5 13. Rad1 O-O-O 14. c4 d4 15. Qd2 h4 16. Qb4 hxg3 17. fxg3 Rh6 18. Rb1 Qc6 19. Rb2 Rdh8 20. h4 Rg8 21. Kh2 Rhg6 22. Rf3 Bg4 23. Rf5 Bxf5 24. exf5 Qxg2+ 25. Kxg2 Rxg3+ 26. Kf2 Rg2+ 27. Kf3 R8g3+ 28. Ke4 Re2+ 29. Kd5 Kd7 30. Qa4+ c6+ 31. Kc5 b6+ 32. Kb4 a5+ 33. Ka3 e4 34. Rb3 exd3 35. Rxd3 Rxd3+ 36. cxd3 Re3 37. Qb3 Kc7 38. c5 b5 39. Qxf7+ Kc8 40. Qxf6 Rxd3+ 41. Kb2 b4 42. Qe6+ Kb7 43. f6 a4 44. Qd7+ Ka6 45. Qxc6+ Ka5 46. Qb6# 1-0

[Event "Scarborough CC Howard Ridout Swiss U1700"]
[Site "Toronto CAN"]
[Date "2007.10.25"]
[Round "7"]
[White "Philip, Andrew"]
[Black "Farhang, Arvin"]
[Result "1-0"]
[WhiteElo "1660"]
[BlackElo "1266"]
[PlyCount "83"]
[GameId "2160767910579214"]
[EventDate "2007.09.13"]
[EventType "swiss"]
[EventRounds "7"]
[EventCountry "CAN"]
[SourceTitle "EXT 2022"]
[Source "ChessBase"]
[SourceDate "2021.10.06"]
[SourceVersion "1"]
[SourceVersionDate "2021.10.06"]
[SourceQuality "1"]

1. d4 d5 2. Bg5 Nf6 3. Bxf6 exf6 4. e3 Bf5 5. Nd2 c5 6. dxc5 Nc6 7. Nb3 Nb4 8. Nd4 Bg6 9. Bb5+ Ke7 10. c3 Na6 11. Bxa6 bxa6 12. Nc6+ Ke6 13. Nxd8+ Rxd8 14. b4 h5 15. Nh3 Bf5 16. Nf4+ Ke7 17. Qb3 Be4 18. f3 g5 19. Ne2 Bd3 20. Rd1 Bc4 21. Qc2 Bg7 22. Nd4 Rde8 23. Nf5+ Kf8 24. Kf2 Bh6 25. Nd6 Re6 26. Nxc4 dxc4 27. Rd8+ Kg7 28. Rxh8 Kxh8 29. Rd1 g4 30. f4 h4 31. g3 h3 32. Qf5 a5 33. Rd8+ Kg7 34. Qxg4+ Bg5 35. fxg5 fxg5 36. Qxg5+ Rg6 37. Qxg6+ Kxg6 38. bxa5 Kf5 39. c6 Ke4 40. c7 f5 41. c8=Q a6 42. Qe6# 1-0

[Event "Scarborough CC Howard Ridout Swiss U1700"]
[Site "Toronto CAN"]
[Date "2007.10.25"]
[Round "7"]
[White "Termeer, Ted"]
[Black "Douglas, Steven1"]
[Result "0-1"]
[WhiteElo "1442"]
[BlackElo "1592"]
[PlyCount "50"]
[GameId "2160767910579216"]
[EventDate "2007.09.13"]
[EventType "swiss"]
[EventRounds "7"]
[EventCountry "CAN"]
[SourceTitle "EXT 2022"]
[Source "ChessBase"]
[SourceDate "2021.10.06"]
[SourceVersion "1"]
[SourceVersionDate "2021.10.06"]
[SourceQuality "1"]

1. Nf3 Nf6 2. d4 g6 3. c4 Bg7 4. Nc3 O-O 5. e4 d6 6. h3 Nbd7 7. Bd3 e5 8. d5 a5 9. Be3 Nc5 10. Bxc5 dxc5 11. Nxe5 Nxe4 12. Bxe4 Bxe5 13. O-O Qh4 14. Qf3 Ra6 15. a4 Rf6 16. Qe2 Bxh3 17. f4 Bd4+ 18. Rf2 Rxf4 19. Bf3 Bg4 20. Raf1 Bxf3 21. gxf3 Qg3+ 22. Kh1 Rh4+ 23. Rh2 Rh3 24. Rxh3 Qxh3+ 25. Qh2 Qxf1+ 0-1

[Event "Scarborough CC Howard Ridout Swiss U1700"]
[Site "Toronto CAN"]
[Date "2007.10.25"]
[Round "7"]
[White "Wu, Kevin"]
[Black "Tursman, Richard"]
[Result "1-0"]
[WhiteElo "1481"]
[BlackElo "1544"]
[PlyCount "49"]
[GameId "2160767910579217"]
[EventDate "2007.09.13"]
[EventType "swiss"]
[EventRounds "7"]
[EventCountry "CAN"]
[SourceTitle "EXT 2022"]
[Source "ChessBase"]
[SourceDate "2021.10.06"]
[SourceVersion "1"]
[SourceVersionDate "2021.10.06"]
[SourceQuality "1"]

1. e4 d5 2. exd5 Nf6 3. Bc4 Nxd5 4. Ne2 Bf5 5. Ng3 Bg6 6. a3 e6 7. O-O c6 8. d3 Bd6 9. Qf3 Qc7 10. Bxd5 cxd5 11. Nc3 a6 12. h4 h5 13. Re1 Be7 14. Bf4 Qd7 15. Be5 f6 16. Bxb8 Rxb8 17. Re2 Bf7 18. Rae1 g6 19. Nxd5 O-O 20. Nxf6+ Bxf6 21. Qxf6 Rbe8 22. Qg5 Kg7 23. Nxh5+ Kh7 24. Nf6+ Kg7 25. Nxd7 1-0

[Event "Scarborough CC Spring Swiss"]
[Site "Toronto CAN"]
[Date "2007.03.15"]
[Round "1"]
[White "Aniag, Danilo"]
[Black "Farrant-Diaz, Nathan"]
[Result "1-0"]
[WhiteElo "1956"]
[BlackElo "1318"]
[PlyCount "53"]
[GameId "2160767910709837"]
[EventDate "2007.03.15"]
[EventType "swiss"]
[EventRounds "8"]
[EventCountry "CAN"]
[SourceTitle "EXT 2022"]
[Source "ChessBase"]
[SourceDate "2021.10.06"]
[SourceVersion "1"]
[SourceVersionDate "2021.10.06"]
[SourceQuality "1"]

1. e4 c5 2. Nf3 e6 3. d4 cxd4 4. Nxd4 a6 5. g3 Nf6 6. Bg2 Qc7 7. O-O Bc5 8. Nc3 O-O 9. Bg5 Qe5 10. Nf3 Qc7 11. e5 Ng4 12. Ne4 Nxe5 13. Nxe5 Qxe5 14. Bf4 Bxf2+ 15. Rxf2 Qxb2 16. c4 Qb6 17. Bd6 Re8 18. c5 Qd8 19. Rxf7 Kxf7 20. Qh5+ Kg8 21. Rf1 Nc6 22. Ng5 h6 23. Nf7 Qa5 24. Nxh6+ gxh6 25. Qxe8+ Kh7 26. Be4+ Kg7 27. Qf8# 1-0

[Event "Scarborough CC Spring Swiss"]
[Site "Toronto CAN"]
[Date "2007.03.15"]
[Round "1"]
[White "Dattani, Dinesh"]
[Black "Perez, Michael"]
[Result "0-1"]
[WhiteElo "1376"]
[BlackElo "1673"]
[PlyCount "52"]
[GameId "2160767910709838"]
[EventDate "2007.03.15"]
[EventType "swiss"]
[EventRounds "8"]
[EventCountry "CAN"]
[SourceTitle "EXT 2022"]
[Source "ChessBase"]
[SourceDate "2021.10.06"]
[SourceVersion "1"]
[SourceVersionDate "2021.10.06"]
[SourceQuality "1"]

1. d4 d5 2. c4 e6 3. Nf3 Nf6 4. e3 g6 5. Bd3 Bg7 6. Nc3 O-O 7. O-O Nbd7 8. b3 b6 9. Ne5 Nxe5 10. dxe5 Ne8 11. f4 d4 12. Ne4 Bb7 13. Ba3 c5 14. Nxc5 bxc5 15. Bxc5 dxe3 16. Bxf8 Bxf8 17. a3 Qd4 18. Be2 Qb2 19. Qd3 Rd8 20. Qxe3 Rd2 21. Bf3 Bc5 22. Qxc5 Bxf3 23. Qf2 Rxf2 24. Rxf2 Qxa1+ 25. Rf1 Qd4+ 26. Rf2 Bd1 0-1

[Event "Scarborough CC Spring Swiss"]
[Site "Toronto CAN"]
[Date "2007.03.15"]
[Round "1"]
[White "Farrant, David"]
[Black "London, John"]
[Result "0-1"]
[WhiteElo "1521"]
[BlackElo "1836"]
[PlyCount "34"]
[GameId "2160767910709839"]
[EventDate "2007.03.15"]
[EventType "swiss"]
[EventRounds "8"]
[EventCountry "CAN"]
[SourceTitle "EXT 2022"]
[Source "ChessBase"]
[SourceDate "2021.10.06"]
[SourceVersion "1"]
[SourceVersionDate "2021.10.06"]
[SourceQuality "1"]

1. e4 c5 2. Nf3 Nc6 3. d4 cxd4 4. Nxd4 g6 5. Be3 Bg7 6. c3 Nf6 7. f3 O-O 8. Bb5 Qa5 9. Nxc6 dxc6 10. Bc4 Nd7 11. O-O Ne5 12. Bb3 Rd8 13. Nd2 b6 14. Nc4 Rxd1 15. Raxd1 Nxc4 16. Rd8+ Bf8 17. Bh6 Bb7 0-1

[Event "Scarborough CC Spring Swiss"]
[Site "Toronto CAN"]
[Date "2007.03.15"]
[Round "1"]
[White "Graham, John"]
[Black "Sherman, Joshua"]
[Result "0-1"]
[WhiteElo "1481"]
[BlackElo "1700"]
[PlyCount "75"]
[GameId "2160767910709840"]
[EventDate "2007.03.15"]
[EventType "swiss"]
[EventRounds "8"]
[EventCountry "CAN"]
[SourceTitle "EXT 2022"]
[Source "ChessBase"]
[SourceDate "2021.10.06"]
[SourceVersion "1"]
[SourceVersionDate "2021.10.06"]
[SourceQuality "1"]

1. c4 c6 2. g3 d5 3. cxd5 cxd5 4. e3 Nf6 5. Ne2 Nc6 6. Bg2 Bf5 7. a3 e6 8. d4 Bd6 9. Nbc3 Rc8 10. O-O O-O 11. Nb5 Bb8 12. b4 Qd7 13. Nbc3 Rfd8 14. Bb2 b6 15. Nc1 e5 16. N3e2 e4 17. Nb3 Bh3 18. Nf4 Bxf4 19. gxf4 Qf5 20. Qe2 Ne7 21. f3 exf3 22. Rxf3 Bxg2 23. Qxg2 Rc2 24. Rf2 Rdc8 25. Rc1 Rxc1+ 26. Nxc1 Qb1 27. Qf1 Ne4 28. Nd3 Qxf1+ 29. Rxf1 Rc2 30. Bc1 f6 31. b5 Nc3 32. Kh1 Nxb5 33. a4 Nc3 34. f5 Nxa4 35. Ba3 Rc3 36. Bxe7 Rxd3 37. Re1 Nb2 38. e4 0-1

[Event "Scarborough CC Spring Swiss"]
[Site "Toronto CAN"]
[Date "2007.03.15"]
[Round "1"]
[White "Hall, John2"]
[Black "Gillis, Doug"]
[Result "1-0"]
[WhiteElo "2067"]
[BlackElo "1540"]
[PlyCount "113"]
[GameId "2160767910709841"]
[EventDate "2007.03.15"]
[EventType "swiss"]
[EventRounds "8"]
[EventCountry "CAN"]
[SourceTitle "EXT 2022"]
[Source "ChessBase"]
[SourceDate "2021.10.06"]
[SourceVersion "1"]
[SourceVersionDate "2021.10.06"]
[SourceQuality "1"]

1. d4 e6 2. c4 Nf6 3. Nc3 Bb4 4. Nf3 c5 5. g3 O-O 6. Bg2 d5 7. cxd5 Nxd5 8. Bd2 Nc6 9. Nxd5 Bxd2+ 10. Qxd2 Qxd5 11. dxc5 Qxc5 12. Rc1 Qb6 13. O-O Rd8 14. Qc3 Bd7 15. Rfd1 Be8 16. e3 Rac8 17. Rxd8 Qxd8 18. a3 Ne7 19. Qe1 Rxc1 20. Qxc1 Bc6 21. Qc2 Ng6 22. h4 Qd5 23. Ne1 Qb5 24. Bxc6 Qxc6 25. Qxc6 bxc6 26. Nd3 Kf8 27. Kg2 h5 28. Kf3 Ke7 29. Ke4 Kd6 30. Kd4 f6 31. b4 e5+ 32. Kc4 e4 33. Nc5 Ne5+ 34. Kd4 f5 35. Nb7+ Ke6 36. Na5 Kd6 37. Nc4+ Nxc4 38. Kxc4 g6 39. Kd4 Ke6 40. Kc5 Kd7 41. b5 cxb5 42. Kxb5 Kc7 43. Kc5 Kd7 44. Kd5 a6 45. Ke5 Ke7 46. a4 Kf7 47. Kd6 Kf6 48. Kc6 g5 49. Kb6 gxh4 50. gxh4 f4 51. Kxa6 fxe3 52. fxe3 Kf5 53. Kb5 Kg4 54. a5 Kxh4 55. a6 Kg3 56. a7 h4 57. a8=Q 1-0

[Event "Scarborough CC Spring Swiss"]
[Site "Toronto CAN"]
[Date "2007.03.15"]
[Round "1"]
[White "Lung, Stephen"]
[Black "Garel, Rick"]
[Result "0-1"]
[WhiteElo "1606"]
[BlackElo "1954"]
[PlyCount "132"]
[GameId "2160767910709842"]
[EventDate "2007.03.15"]
[EventType "swiss"]
[EventRounds "8"]
[EventCountry "CAN"]
[SourceTitle "EXT 2022"]
[Source "ChessBase"]
[SourceDate "2021.10.06"]
[SourceVersion "1"]
[SourceVersionDate "2021.10.06"]
[SourceQuality "1"]

1. e4 e6 2. d4 d5 3. Nc3 Bb4 4. e5 c5 5. a3 Bxc3+ 6. bxc3 Ne7 7. Nf3 Nbc6 8. Bb2 Qa5 9. Qd2 b6 10. c4 Qxd2+ 11. Kxd2 cxd4 12. Nxd4 Nxd4 13. Bxd4 Nf5 14. Bb2 dxc4 15. Bxc4 Bb7 16. f3 O-O 17. Ke2 Rac8 18. Bd3 Ba6 19. Rac1 Bxd3+ 20. cxd3 h6 21. Rxc8 Rxc8 22. Rc1 Rxc1 23. Bxc1 Kf8 24. g4 Ne7 25. d4 b5 26. Kd3 Nd5 27. Bd2 Ke8 28. f4 Kd7 29. f5 Kc6 30. h3 Kb6 31. h4 a5 32. h5 b4 33. axb4 a4 34. Kc4 Ne7 35. fxe6 fxe6 36. Bc1 Nd5 37. Bd2 Nc7 38. g5 hxg5 39. Bxg5 Nd5 40. Bd8+ Kb7 41. b5 Nf4 42. Kb4 Nxh5 43. Kxa4 Nf4 44. Kb4 Kc8 45. Bh4 Kc7 46. Kc5 Nd3+ 47. Kc4 Nf4 48. Bg3 Ne2 49. Bf2 g5 50. Kd3 Nf4+ 51. Ke4 Nd5 52. Kd3 Kb6 53. Kc4 g4 54. Bh4 Ne3+ 55. Kd3 Nf5 56. Be1 Kxb5 57. Ke4 Ne7 58. Bg3 Kc4 59. Bf2 Ng6 60. Bg3 Ne7 61. Bf2 Nc6 62. Kf4 Nxd4 63. Kxg4 Kd5 64. Bxd4 Kxd4 65. Kf4 Kd5 66. Ke3 Kxe5 0-1

[Event "Scarborough CC Spring Swiss"]
[Site "Toronto CAN"]
[Date "2007.03.15"]
[Round "1"]
[White "Mesiti, Silvano"]
[Black "Tursman, Richard"]
[Result "0-1"]
[WhiteElo "1782"]
[BlackElo "1498"]
[PlyCount "39"]
[GameId "2160767910709843"]
[EventDate "2007.03.15"]
[EventType "swiss"]
[EventRounds "8"]
[EventCountry "CAN"]
[SourceTitle "EXT 2022"]
[Source "ChessBase"]
[SourceDate "2021.10.06"]
[SourceVersion "1"]
[SourceVersionDate "2021.10.06"]
[SourceQuality "1"]

1. e4 d5 2. exd5 Nf6 3. c4 e6 4. dxe6 Bxe6 5. Nc3 Bb4 6. Qf3 c6 7. d3 Qe7 8. Be2 Nbd7 9. h3 O-O-O 10. Qe3 Kb8 11. a3 Bd6 12. Nf3 h6 13. Qd2 g5 14. Qc2 g4 15. Nd4 gxh3 16. gxh3 Rhg8 17. Be3 Rg6 18. Qb3 Nb6 19. Na4 Nfd7 20. c5 0-1

[Event "Scarborough CC Spring Swiss"]
[Site "Toronto CAN"]
[Date "2007.03.15"]
[Round "1"]
[White "Moysoski, Randy"]
[Black "Karpik, Steve"]
[Result "1-0"]
[WhiteElo "1916"]
[BlackElo "1600"]
[PlyCount "30"]
[GameId "2160767910709844"]
[EventDate "2007.03.15"]
[EventType "swiss"]
[EventRounds "8"]
[EventCountry "CAN"]
[SourceTitle "EXT 2022"]
[Source "ChessBase"]
[SourceDate "2021.10.06"]
[SourceVersion "1"]
[SourceVersionDate "2021.10.06"]
[SourceQuality "1"]

1. e4 d6 2. d4 Nf6 3. Bd3 g6 4. f4 Bg7 5. Nf3 c5 6. c3 Qb6 7. O-O Nc6 8. d5 c4+ 9. Kh1 cxd3 10. dxc6 Ng4 11. Qe1 Qxc6 12. h3 Nf6 13. e5 dxe5 14. Nxe5 Qe4 15. Nd2 Bf5 1-0

[Event "Scarborough CC Spring Swiss"]
[Site "Toronto CAN"]
[Date "2007.03.15"]
[Round "1"]
[White "Muir, Tom"]
[Black "Ben Avraham, Mark"]
[Result "1-0"]
[WhiteElo "1594"]
[BlackElo "1113"]
[PlyCount "85"]
[GameId "2160767910709845"]
[EventDate "2007.03.15"]
[EventType "swiss"]
[EventRounds "8"]
[EventCountry "CAN"]
[SourceTitle "EXT 2022"]
[Source "ChessBase"]
[SourceDate "2021.10.06"]
[SourceVersion "1"]
[SourceVersionDate "2021.10.06"]
[SourceQuality "1"]

1. e4 e5 2. Nf3 Nc6 3. Bb5 a6 4. Ba4 Nf6 5. O-O b5 6. Bb3 d6 7. d3 Na5 8. Bg5 Be7 9. c3 c5 10. Nbd2 Nc6 11. Qc2 Rb8 12. Ne1 a5 13. a3 b4 14. axb4 axb4 15. Ba4 Bd7 16. Nc4 d5 17. Bxc6 Bxc6 18. Nxe5 Qd6 19. Nxc6 Qxc6 20. exd5 Nxd5 21. Bxe7 Nxe7 22. Qa4 bxc3 23. Qxc6+ Nxc6 24. bxc3 O-O 25. Nf3 Rfd8 26. Rfd1 Rb2 27. d4 Re8 28. Ne5 Nxe5 29. dxe5 Rc2 30. Rac1 Rxc1 31. Rxc1 Rxe5 32. c4 Kf8 33. Kf1 Ke7 34. Re1 Kd6 35. f4 Rf5 36. g3 g5 37. Re4 gxf4 38. gxf4 Rh5 39. Kg2 Rf5 40. h4 h5 41. Kf3 f6 42. Re1 Kc6 43. Ke4 1-0

[Event "Scarborough CC Spring Swiss"]
[Site "Toronto CAN"]
[Date "2007.03.15"]
[Round "1"]
[White "Paterson, Jim"]
[Black "Lung, Patrick"]
[Result "1/2-1/2"]
[WhiteElo "1916"]
[BlackElo "1535"]
[PlyCount "64"]
[GameId "2160767910709846"]
[EventDate "2007.03.15"]
[EventType "swiss"]
[EventRounds "8"]
[EventCountry "CAN"]
[SourceTitle "EXT 2022"]
[Source "ChessBase"]
[SourceDate "2021.10.06"]
[SourceVersion "1"]
[SourceVersionDate "2021.10.06"]
[SourceQuality "1"]

1. f4 d5 2. e3 Nf6 3. b3 g6 4. Bb2 Bg7 5. Nf3 a6 6. Be2 O-O 7. O-O b5 8. Ne5 Bb7 9. Bf3 Nbd7 10. c4 Nxe5 11. Bxe5 c6 12. Qe2 Rc8 13. Nc3 bxc4 14. bxc4 dxc4 15. Rab1 Ba8 16. Na4 Nd7 17. Bxg7 Kxg7 18. Qxc4 Qa5 19. Qc3+ Qxc3 20. dxc3 c5 21. Bxa8 Rxa8 22. Rb7 Nf6 23. Rxe7 Nd5 24. Re5 Nf6 25. h3 Rfe8 26. Rxe8 Rxe8 27. Kf2 Ne4+ 28. Kg1 Rd8 29. f5 Rd3 30. fxg6 hxg6 31. Rf4 Rxe3 32. Rf3 Re2 1/2-1/2

[Event "Scarborough CC Spring Swiss"]
[Site "Toronto CAN"]
[Date "2007.03.15"]
[Round "1"]
[White "Roe, Jim"]
[Black "Xia, Linda"]
[Result "1-0"]
[WhiteElo "1637"]
[BlackElo "1367"]
[PlyCount "69"]
[GameId "2160767910709847"]
[EventDate "2007.03.15"]
[EventType "swiss"]
[EventRounds "8"]
[EventCountry "CAN"]
[SourceTitle "EXT 2022"]
[Source "ChessBase"]
[SourceDate "2021.10.06"]
[SourceVersion "1"]
[SourceVersionDate "2021.10.06"]
[SourceQuality "1"]

1. d4 d5 2. c4 e6 3. Nf3 Nf6 4. e3 c6 5. Nc3 Bb4 6. a3 Bxc3+ 7. bxc3 O-O 8. Bd3 Nbd7 9. O-O a6 10. Qc2 Re8 11. Ne5 Nf8 12. f3 Qc7 13. e4 dxc4 14. Nxc4 b5 15. Ne5 c5 16. Qf2 c4 17. Bb1 Rb8 18. g4 h6 19. Bf4 Qa5 20. Rc1 Rb6 21. h4 b4 22. Nxc4 Qb5 23. Nxb6 Qxb6 24. cxb4 Ng6 25. Be3 Qb7 26. Ba2 Qe7 27. Rc5 e5 28. d5 Nf4 29. Bxf4 exf4 30. Rac1 Bxg4 31. Rc7 Bd7 32. R1c5 Qf8 33. Qd4 Bc8 34. d6 Rd8 35. Rxf7 1-0

[Event "Scarborough CC Spring Swiss"]
[Site "Toronto CAN"]
[Date "2007.03.15"]
[Round "1"]
[White "Rutherdale, William"]
[Black "Samaroo, Muneshwar"]
[Result "0-1"]
[WhiteElo "1915"]
[BlackElo "1513"]
[PlyCount "58"]
[GameId "2160767910709848"]
[EventDate "2007.03.15"]
[EventType "swiss"]
[EventRounds "8"]
[EventCountry "CAN"]
[SourceTitle "EXT 2022"]
[Source "ChessBase"]
[SourceDate "2021.10.06"]
[SourceVersion "1"]
[SourceVersionDate "2021.10.06"]
[SourceQuality "1"]

1. d4 Nf6 2. c4 e6 3. Nf3 Be7 4. Nc3 Bb4 5. Bd2 c5 6. e3 O-O 7. Bd3 d5 8. O-O Nc6 9. Qc2 dxc4 10. Bxc4 cxd4 11. Ne4 Bxd2 12. Nxf6+ Qxf6 13. Qxd2 dxe3 14. fxe3 Ne5 15. Bb3 Nxf3+ 16. Rxf3 Qe7 17. Raf1 Bd7 18. Qd4 Bc6 19. Rg3 g6 20. h4 a6 21. h5 e5 22. Qg4 Kg7 23. Rxf7+ Rxf7 24. hxg6 Rff8 25. gxh7+ Kh8 26. Qg8+ Rxg8 27. Rxg8+ Kxh7 28. Rxa8 Qg5 29. Bc2+ Kg7 0-1

[Event "Scarborough CC Spring Swiss"]
[Site "Toronto CAN"]
[Date "2007.03.15"]
[Round "1"]
[White "Shah, Vanshil"]
[Black "Armstrong, Robert J"]
[Result "0-1"]
[WhiteElo "983"]
[BlackElo "1793"]
[PlyCount "70"]
[GameId "2160767910709849"]
[EventDate "2007.03.15"]
[EventType "swiss"]
[EventRounds "8"]
[EventCountry "CAN"]
[SourceTitle "EXT 2022"]
[Source "ChessBase"]
[SourceDate "2021.10.06"]
[SourceVersion "1"]
[SourceVersionDate "2021.10.06"]
[SourceQuality "1"]

1. e3 g6 2. d4 Bg7 3. Nf3 d6 4. Be2 Nf6 5. Nc3 O-O 6. Bd3 c5 7. Qe2 cxd4 8. exd4 Re8 9. Bg5 Bg4 10. h3 Bd7 11. Bh4 Qa5 12. Ng5 Nc6 13. Bc4 e6 14. b4 Qxb4 15. Rb1 Qxc3+ 16. Qd2 Qxc4 17. Rc1 Qd5 18. O-O Qc4 19. Rb1 Rab8 20. c3 a5 21. Qb2 b5 22. Qb3 Qxb3 23. Rxb3 b4 24. Bg3 e5 25. Re1 bxc3 26. Rxc3 Nxd4 27. f4 Nh5 28. Bf2 exf4 29. Rec1 Ne2+ 30. Kf1 Bxc3 31. Rc2 Bb5 32. Rxe2 Rxe2 33. Ba7 Ng3+ 34. Kg1 Re1+ 35. Kf2 Rf1# 0-1

[Event "Scarborough CC Spring Swiss"]
[Site "Toronto CAN"]
[Date "2007.03.15"]
[Round "1"]
[White "Smith, Maurice"]
[Black "Moran, Mario"]
[Result "1/2-1/2"]
[WhiteElo "1771"]
[BlackElo "1751"]
[PlyCount "69"]
[GameId "2160767910709850"]
[EventDate "2007.03.15"]
[EventType "swiss"]
[EventRounds "8"]
[EventCountry "CAN"]
[SourceTitle "EXT 2022"]
[Source "ChessBase"]
[SourceDate "2021.10.06"]
[SourceVersion "1"]
[SourceVersionDate "2021.10.06"]
[SourceQuality "1"]

1. d4 d5 2. c4 Nf6 3. Nc3 e6 4. Nf3 c6 5. Bg5 Be7 6. e3 O-O 7. Bd3 dxc4 8. Bxc4 b5 9. Bd3 h6 10. Bh4 Nbd7 11. O-O Bb7 12. Rc1 a6 13. h3 c5 14. dxc5 Nxc5 15. Bb1 Nd5 16. Bxe7 Qxe7 17. Nxd5 Bxd5 18. Qc2 Ne4 19. Nd2 f5 20. Nf3 Ng5 21. Ne5 Nxh3+ 22. Kh2 Ng5 23. f4 Ne4 24. g3 Qe8 25. Qe2 Rc8 26. Bxe4 Bxe4 27. Kg1 Bd5 28. b3 Rxc1 29. Rxc1 Qa8 30. Qh5 Qa7 31. Kf2 Qb7 32. Ng6 Rf7 33. Ne5 Rc7 34. Qe8+ Kh7 35. Qg6+ 1/2-1/2

[Event "Scarborough CC Spring Swiss"]
[Site "Toronto CAN"]
[Date "2007.03.15"]
[Round "1"]
[White "Wu, Aaron"]
[Black "Bellomo, Joe"]
[Result "0-1"]
[WhiteElo "1491"]
[BlackElo "1778"]
[PlyCount "156"]
[GameId "2160767910709851"]
[EventDate "2007.03.15"]
[EventType "swiss"]
[EventRounds "8"]
[EventCountry "CAN"]
[SourceTitle "EXT 2022"]
[Source "ChessBase"]
[SourceDate "2021.10.06"]
[SourceVersion "1"]
[SourceVersionDate "2021.10.06"]
[SourceQuality "1"]

1. e4 c5 2. Nf3 d6 3. d4 cxd4 4. Nxd4 Nf6 5. Nc3 a6 6. Be2 e6 7. O-O Be7 8. f4 O-O 9. Nf3 Nc6 10. h3 b5 11. Be3 b4 12. Na4 Nxe4 13. Nb6 Rb8 14. Nxc8 Qxc8 15. Qe1 Bf6 16. Bd3 Nc5 17. Bxc5 dxc5 18. Qe4 g6 19. Ne5 Nxe5 20. fxe5 Bg7 21. Rf3 Qb7 22. Qe3 Qb6 23. Re1 Rbd8 24. Bc4 Rd4 25. b3 a5 26. Ref1 Qc6 27. Qf2 Rd7 28. Qe2 Qc7 29. Re1 Qd8 30. Kh1 Rd2 31. Qe4 Rd1 32. Rd3 Rxd3 33. cxd3 Qd4 34. Qxd4 cxd4 35. Re4 Rd8 36. Kh2 Kf8 37. Kg3 Rc8 38. Kf4 Bh6+ 39. Kf3 Be3 40. Rh4 Kg7 41. Re4 Rc5 42. Ke2 h6 43. Kf3 g5 44. g3 Rc6 45. Kg4 Kg6 46. Kf3 f5 47. exf6 Kxf6 48. Kg4 e5 49. Kh5 Rc8 50. Kg4 Re8 51. Kh5 Kg7 52. Kg4 Kg6 53. h4 h5+ 54. Kh3 g4+ 55. Kg2 Kf6 56. Kh1 Rc8 57. Kg2 Ra8 58. Kf1 a4 59. bxa4 Rxa4 60. Bb3 Ra8 61. Kg2 Ra5 62. Kf1 Ke7 63. Ke2 Kd6 64. Kf1 Ra8 65. Bc4 Rf8+ 66. Kg2 Rf2+ 67. Kh1 Rf3 68. Kg2 Rf5 69. Bb3 Ke7 70. Bg8 Kf6 71. Kh2 Rf2+ 72. Kh1 Rd2 73. Bc4 Rb2 74. Bd5 Rd2 75. Bc4 Re2 76. Bd5 Rc2 77. Bg8 Rc3 78. Kg2 Rxd3 0-1

[Event "Scarborough CC Spring Swiss"]
[Site "Toronto CAN"]
[Date "2007.03.15"]
[Round "1"]
[White "Zlatanov, Petar"]
[Black "Blackman, Gord"]
[Result "1/2-1/2"]
[WhiteElo "1422"]
[BlackElo "1633"]
[PlyCount "64"]
[GameId "2160767910709852"]
[EventDate "2007.03.15"]
[EventType "swiss"]
[EventRounds "8"]
[EventCountry "CAN"]
[SourceTitle "EXT 2022"]
[Source "ChessBase"]
[SourceDate "2021.10.06"]
[SourceVersion "1"]
[SourceVersionDate "2021.10.06"]
[SourceQuality "1"]

1. e4 g6 2. Nf3 d6 3. Bc4 Bg7 4. O-O Nf6 5. Nc3 O-O 6. d4 c6 7. Bg5 b5 8. Bb3 b4 9. Bxf6 Bxf6 10. Ne2 Bg4 11. Qd3 Nd7 12. h3 Bxf3 13. Qxf3 Bg7 14. c3 a5 15. Rac1 Qc7 16. cxb4 axb4 17. Rc2 e5 18. Rfc1 Ra6 19. Qd3 Qb7 20. dxe5 dxe5 21. Qd6 c5 22. Qe7 Bf6 23. Bxf7+ Kh8 24. Qxf8+ Nxf8 25. Bd5 Qe7 26. Rxc5 Ra7 27. Rc8 Kg7 28. Ng3 Ne6 29. R1c6 Nf4 30. Rg8+ Kh6 31. Bb3 Rc7 32. Rb6 Rb7 1/2-1/2

[Event "Scarborough CC Spring Swiss"]
[Site "Toronto CAN"]
[Date "2007.03.22"]
[Round "2"]
[White "Armstrong, Robert J"]
[Black "Aniag, Danilo"]
[Result "0-1"]
[WhiteElo "1740"]
[BlackElo "1956"]
[PlyCount "42"]
[GameId "2160767910709853"]
[EventDate "2007.03.15"]
[EventType "swiss"]
[EventRounds "8"]
[EventCountry "CAN"]
[SourceTitle "EXT 2022"]
[Source "ChessBase"]
[SourceDate "2021.10.06"]
[SourceVersion "1"]
[SourceVersionDate "2021.10.06"]
[SourceQuality "1"]

1. d4 Nf6 2. c4 e6 3. Nf3 b6 4. e3 Ne4 5. Bd3 Bb4+ 6. Bd2 Nxd2 7. Nbxd2 f5 8. a3 Bxd2+ 9. Qxd2 Bb7 10. Qe2 O-O 11. O-O Qf6 12. e4 fxe4 13. Bxe4 Bxe4 14. Qxe4 Nc6 15. d5 exd5 16. Qxd5+ Qf7 17. Rfd1 Rae8 18. Rac1 Kh8 19. Qxd7 Re1+ 20. Nxe1 Qxf2+ 21. Kh1 Qf1# 0-1